[Event "IV Memorial Geller"]
[Site "Odessa UCR"]
[Date "2008.09.14"]
[Round "6"]
[White "Kozel, R."]
[Black "Smirnov, I UKR."]
[Result "0-1"]
[WhiteElo "2387"]
[BlackElo "2504"]
[PlyCount "46"]
[EventDate "2008.09.09"]
[Source "www.chesslib.no"]
[SourceDate "2004.05.04"]

1. e4 c5 2. Nc3 e6 3. g3 d5 4. Bg2 dxe4 5. Nxe4 Be7 6. Nf3 Nf6 7. Nxf6+ Bxf6 8. O-O O-O 9. d3 Nc6 10. c3 b6 11. h4 Bb7 12. Ng5 h6 13. Be4 hxg5 14. hxg5 Be5 15. f4 f5 16. Qh5 fxe4 17. g6 Rf5 18. Qh7+ Kf8 19. fxe5 Rxf1+ 20. Kg2 Ke8 21. Bg5 Qxg5 22. Rxf1 Ne7 23. Qxg7 e3+ 0-1

[Event "It"]
[Site "Reggio Emilia ITA"]
[Date "1979.??.??"]
[Round "?"]
[White "Karaklajic, Nikola"]
[Black "Adamski, Jan"]
[Result "0-1"]
[WhiteElo "2420"]
[BlackElo "2470"]
[PlyCount "52"]
[EventDate "1979.??.??"]
[Source "www.chesslib.no"]
[SourceDate "2004.05.04"]

1. e4 c5 2. Nc3 e6 3. g3 d5 4. exd5 exd5 5. d4 cxd4 6. Qxd4 Nf6 7. Bg5 Be7 8. O-O-O Nc6 9. Qa4 d4 10. Bg2 Bd7 11. Nb5 O-O 12. Nxd4 Na5 13. Nb5 a6 14. Rxd7 Nxd7 15. Bxe7 Qxe7 16. Nc3 Qe1+ 17. Nd1 Nc5 18. Qg4 Rfd8 19. Nh3 Qd2+ 20. Kb1 Nc4 21. Nc3 Na3+ 22. bxa3 Qxc3 23. Ng5 h6 24. Ne4 Nxe4 25. Bxe4 Rd6 26. Qf5 Rad8 0-1

[Event "CZE-chT 0304"]
[Site "CZE"]
[Date "2003.??.??"]
[Round "2"]
[White "Kulhanek, Tomas"]
[Black "Cicak, Slavko"]
[Result "1/2-1/2"]
[WhiteElo "2360"]
[BlackElo "2530"]
[PlyCount "68"]
[EventDate "2003.10.??"]
[Source "Roberto Alvarez"]
[SourceDate "2004.02.16"]

1. e4 c5 2. Nc3 e6 3. g3 d5 4. d3 dxe4 5. Nxe4 Ne7 6. Bg2 Nbc6 7. f4 Nd5 8. Nf3 Be7 9. O-O O-O 10. Ne5 Bd7 11. Bd2 Be8 12. a3 Rc8 13. c4 Nb6 14. Nxc6 Bxc6 15. Qe2 Nd7 16. Bc3 Re8 17. f5 e5 18. b4 cxb4 19. axb4 Bxb4 20. Bxb4 Qb6+ 21. Kh1 Qxb4 22. Rxa7 Ra8 23. Rxa8 Rxa8 24. f6 g6 25. Ng5 Qd6 26. Bxc6 Qxc6+ 27. Ne4 h6 28. Qe3 Kh7 29. g4 Ra3 30. Rf3 Ra1+ 31. Kg2 Ra2+ 32. Kg1 Ra1+ 33. Kg2 Ra2+ 34. Kg1 Ra1+ 1/2-1/2

[Event "Osijek"]
[Site "?"]
[Date "1978.04.15"]
[Round "10"]
[White "Smederevac Petar"]
[Black "Sax Gyula"]
[Result "1-0"]
[WhiteElo "2335"]
[BlackElo "2550"]
[PlyCount "113"]
[EventDate "1978.??.??"]
[Source "www.chesslib.no"]
[SourceDate "2004.05.04"]

1. e4 c5 2. Nc3 e6 3. g3 d5 4. exd5 exd5 5. Bg2 Nf6 6. Nge2 d4 7. Ne4 Nxe4 8. Bxe4 Nd7 9. d3 Nf6 10. Bg2 Bd6 11. O-O O-O 12. Re1 Re8 13. Bf4 Bg4 14. Bxd6 Qxd6 15. h3 Bd7 16. Qd2 Bc6 17. Nf4 Nd7 18. Rxe8+ Rxe8 19. Re1 Ne5 20. Kf1 Bxg2+ 21. Nxg2 Kf8 22. f4 Nc6 23. Rxe8+ Kxe8 24. Qe2+ Kf8 25. a3 Qd5 26. b3 g6 27. Kf2 Qd7 28. g4 Qc7 29. Kg3 Qa5 30. a4 Qc3 31. f5 c4 32. bxc4 Qa5 33. Qe4 Qxa4 34. Ne1 Qb4 35. Nf3 Qd6+ 36. Kg2 a5 37. fxg6 fxg6 38. Qe1 a4 39. c3 Qe7 40. Qf2 dxc3 41. Ng5+ Kg8 42. Ne4 Qb4 43. Kg3 a3 44. Qf6 c2 45. Qe6+ Kf8 46. Nd6 Qxd6+ 47. Qxd6+ Kf7 48. Qxa3 Nd4 49. Kf2 Nb3 50. Qxb3 c1=Q 51. Qxb7+ Kf6 52. Qf3+ Kg7 53. Qe3 Qc2+ 54. Kg3 Qc3 55. g5 Qc2 56. Qd4+ Kg8 57. Qe3 1-0

[Event "Ch team"]
[Site "Simferopol UKR"]
[Date "1991.??.??"]
[Round "?"]
[White "Klimenko, Sergey"]
[Black "Milov, Leonid"]
[Result "0-1"]
[WhiteElo "2370"]
[BlackElo "2510"]
[PlyCount "82"]
[EventDate "1991.??.??"]
[Source "www.chesslib.no"]
[SourceDate "2004.05.04"]

1. e4 c5 2. Nc3 e6 3. g3 d5 4. Bg2 Nf6 5. d3 dxe4 6. dxe4 Qxd1+ 7. Nxd1 Nc6 8. f4 Bd7 9. Bd2 Nb4 10. Ne3 Ng4 11. Nxg4 Nxc2+ 12. Kd1 Nxa1 13. Kc1 Ba4 14. Ne3 Rd8 15. Nf3 Be7 16. Re1 Rd3 17. Bf1 Rxe3 18. Rxe3 Nc2 19. Rc3 Nb4 20. Ra3 Bc6 21. Rxa7 O-O 22. Ne5 Bxe4 23. a3 f6 24. Nc4 Nc2 25. Na5 Nd4 26. Nxb7 Nb3+ 27. Kd1 Rb8 28. Na5 Nxd2 29. Kxd2 Bd8 30. Nc4 f5 31. Bd3 Bd5 32. Kc2 Bf6 33. b3 Bd4 34. h3 h5 35. Nd2 Bf2 36. Rd7 Ra8 37. Be2 Bxg3 38. Rc7 Bxf4 39. Nc4 h4 40. Nb6 Be4+ 41. Kc3 Rb8 0-1

[Event "RUS-ch sf"]
[Site "?"]
[Date "1998.??.??"]
[Round "5"]
[White "Krapivin Vladislav"]
[Black "Shariyazdanov Andrey"]
[Result "0-1"]
[WhiteElo "2385"]
[BlackElo "2495"]
[PlyCount "76"]
[EventDate "1998.??.??"]
[Source "www.chesslib.no"]
[SourceDate "2004.05.04"]

1. e4 c5 2. Nc3 e6 3. g3 d5 4. exd5 exd5 5. Bg2 Nf6 6. d3 d4 7. Ne4 Nxe4 8. Bxe4 Nd7 9. Ne2 Nf6 10. Bg2 Bd6 11. O-O O-O 12. h3 Be6 13. Nf4 Bxf4 14. Bxf4 Qd7 15. Kh2 Bd5 16. Re1 Rfe8 17. a3 Rxe1 18. Qxe1 Bxg2 19. Kxg2 Re8 20. Qd1 Nd5 21. Bd2 Qc6 22. Kg1 c4 23. Qf3 c3 24. bxc3 dxc3 25. Be3 a5 26. a4 b5 27. axb5 Qxb5 28. Qg4 Nxe3 29. fxe3 Rxe3 30. Qc8+ Re8 31. Qxc3 a4 32. Rd1 Ra8 33. Ra1 h5 34. d4 Qf5 35. Qc6 Rc8 36. Qxa4 Qxh3 37. Ra3 Qg4 38. Rd3 Qe2 0-1

[Event "Jugoslavija"]
[Site "?"]
[Date "1989.??.??"]
[Round "?"]
[White "Kovacevic, P."]
[Black "Djuric, S."]
[Result "1-0"]
[WhiteElo "2405"]
[BlackElo "2475"]
[PlyCount "85"]
[EventDate "1989.??.??"]
[Source "ChessBase"]
[SourceDate "1989.01.01"]

1. e4 c5 2. Nc3 e6 3. g3 d5 4. d3 d4 5. Nce2 f5 6. Bg2 fxe4 7. Nf4 Nf6 8. dxe4 Nc6 9. Nf3 e5 10. Nd5 Nxe4 11. Nxe5 Qxd5 12. Nxc6 Bh3 13. c4 Qf5 14. Qf3 Qxf3 15. Bxf3 Nd6 16. b3 Kf7 17. Ne5+ Kf6 18. Nd3 Re8+ 19. Kd1 Ne4 20. Re1 Nc3+ 21. Kd2 Rxe1 22. Nxe1 g5 23. Bb2 Bh6 24. Bxb7 Bf5 25. f3 g4+ 26. f4 Re8 27. Bxc3 dxc3+ 28. Kxc3 Re2 29. Nd3 Bg7 30. Rc1 Rxa2 31. Nxc5 a5 32. Be4 Rxh2 33. Kd3 Bf8 34. Nb7 h5 35. Bxf5 Kxf5 36. c5 Rb2 37. Kc4 a4 38. b4 a3 39. c6 Rxb4+ 40. Kc3 Rb6 41. Kd3 Rb3+ 42. Ke2 Rb2+ 43. Kf1 1-0

[Event "Varallo Open"]
[Site "Varallo"]
[Date "1989.??.??"]
[Round "?"]
[White "Rogulj, Branko"]
[Black "Yermolinsky, Alex"]
[Result "0-1"]
[WhiteElo "2395"]
[BlackElo "2480"]
[PlyCount "104"]
[EventDate "1989.??.??"]
[Source "www.chesslib.no"]
[SourceDate "2004.05.04"]

1. e4 c5 2. Nc3 e6 3. g3 d5 4. d3 d4 5. Nb1 Nc6 6. f4 e5 7. Nf3 Nf6 8. Bg2 exf4 9. gxf4 Be7 10. O-O O-O 11. a4 Ng4 12. h3 Ne3 13. Bxe3 dxe3 14. Nc3 Nd4 15. Re1 f5 16. Rxe3 fxe4 17. Rxe4 Bf5 18. Re3 Bf6 19. Ne5 Bxe5 20. Rxe5 Qh4 21. Nd5 Rae8 22. Qe1 Qh5 23. Ne7+ Kh8 24. Qf2 Qf7 25. Rae1 Bd7 26. c3 Ne6 27. Nf5 Qf6 28. Qg3 Rd8 29. Bxb7 g6 30. Bd5 gxf5 31. Rxe6 Bxe6 32. Rxe6 Rg8 33. Rxf6 Rxg3+ 34. Kf2 Rxd3 35. Bf3 Rb8 36. Rxf5 Rxb2+ 37. Kg3 Rxc3 38. Kg4 Rbb3 39. Bd5 Rg3+ 40. Kh4 Rxh3+ 41. Kg5 Rbg3+ 42. Kf6 Rg6+ 43. Kf7 Rg7+ 44. Ke8 Re3+ 45. Kd8 Rg6 46. Kd7 Rd3 47. Ke7 Rd4 48. Be6 Rg7+ 49. Ke8 Rb7 50. Bd5 Rb8+ 51. Kd7 c4 52. Kc7 Re8 0-1

[Event "69th ch-BLR"]
[Site "Minsk"]
[Date "2003.03.01"]
[Round "2"]
[White "Novitzkij, Dmitrij"]
[Black "Kupreichik, Viktor D"]
[Result "1/2-1/2"]
[WhiteElo "2384"]
[BlackElo "2490"]
[PlyCount "71"]
[EventDate "2003.02.28"]
[Source "Roberto Alvarez"]
[SourceDate "2003.04.07"]

1. e4 c5 2. Nc3 e6 3. g3 d5 4. exd5 exd5 5. d4 Nf6 6. Nge2 Bg4 7. Bg2 cxd4 8. Qxd4 Nc6 9. Qa4 Bb4 10. O-O O-O 11. Bg5 d4 12. Bxf6 Qxf6 13. Nd5 Qd6 14. Nxd4 Nxd4 15. Qxb4 Qxb4 16. Nxb4 a5 17. Nd5 Nxc2 18. Rac1 Nb4 19. Rc7 Nxa2 20. Ra1 Nb4 21. Nxb4 axb4 22. Rxa8 Rxa8 23. Bd5 Rd8 24. Rxb7 h5 25. Bxf7+ Kf8 26. Kg2 Bf5 27. Rc7 Be4+ 28. Kh3 Rd2 29. b3 g6 30. f3 Bxf3 31. Bxg6 Bd5 32. Kh4 Bxb3 33. Kxh5 Rxh2+ 34. Kg5 Rd2 35. Bf5 Bf7 36. Rb7 1/2-1/2

[Event "Augsburg 9394"]
[Site "Augsburg GER"]
[Date "1994.??.??"]
[Round "?"]
[White "Baum, Bernd"]
[Black "Gavrikov, Viktor N"]
[Result "1/2-1/2"]
[WhiteElo "2290"]
[BlackElo "2580"]
[PlyCount "36"]
[EventDate "1993.12.??"]
[Source "www.chesslib.no"]
[SourceDate "2004.05.04"]

1. e4 c5 2. Nc3 e6 3. g3 d5 4. exd5 exd5 5. d4 Nf6 6. Bg5 Be7 7. Bg2 cxd4 8. Qxd4 Nc6 9. Qa4 O-O 10. O-O-O Qb6 11. Rd2 Be6 12. Nge2 Rac8 13. Be3 Bc5 14. Bxc5 Qxc5 15. Nd4 a6 16. Rhd1 Rfe8 17. Nxc6 Rxc6 18. Qd4 Qa5 1/2-1/2

[Event "XVII Festival"]
[Site "Abu Dhabi EAU"]
[Date "2007.08.17"]
[Round "6"]
[White "Sabirov, F."]
[Black "Sturua, Z."]
[Result "0-1"]
[WhiteElo "2353"]
[BlackElo "2517"]
[PlyCount "71"]
[EventDate "2007.08.12"]
[Source "www.chesslib.no"]
[SourceDate "2004.05.04"]

1. e4 c5 2. Nc3 e6 3. g3 d5 4. d3 Nc6 5. Bg2 d4 6. Nce2 Bd6 7. f4 f6 8. Nf3 Nge7 9. O-O e5 10. h3 Be6 11. fxe5 Nxe5 12. Nf4 Bf7 13. Nxe5 Bxe5 14. h4 Qd6 15. Qg4 h5 16. Qf3 O-O-O 17. Bh3+ Kb8 18. Ne2 Nc6 19. a3 c4 20. Bf4 Qc7 21. Rac1 Ka8 22. Rb1 Qe7 23. Qf2 Rhe8 24. Bxe5 Nxe5 25. Nxd4 cxd3 26. Nb5 Nc6 27. cxd3 Qe5 28. Nc3 Rxd3 29. Kh2 Bb3 30. Nd5 Nd4 31. Bg2 g5 32. hxg5 Bxd5 33. exd5 h4 34. Qf4 hxg3+ 35. Kh1 Rh8+ 36. Kg1 0-1

[Event "Nationale I"]
[Site "Bordeaux"]
[Date "2003.04.03"]
[Round "4.6"]
[White "Piroth, Attila"]
[Black "Rotstein, Arkadij"]
[Result "0-1"]
[WhiteElo "2324"]
[BlackElo "2544"]
[PlyCount "86"]
[EventDate "2003.04.03"]
[Source "Roberto Alvarez"]
[SourceDate "2003.04.07"]

1. e4 c5 2. Nc3 e6 3. g3 d5 4. d3 b6 5. Bg2 Bb7 6. Nf3 dxe4 7. Nxe4 Nc6 8. O-O Be7 9. Bf4 Nf6 10. Ne5 Rc8 11. Re1 O-O 12. Nxc6 Bxc6 13. Nxf6+ Bxf6 14. Bxc6 Rxc6 15. Qf3 Rc8 16. c3 Qd7 17. Be5 Bxe5 18. Rxe5 Rfd8 19. Re3 Rc6 20. Qe4 Rd6 21. Rd1 Rd5 22. f4 g6 23. Qg2 h5 24. Qe2 Kg7 25. h3 Qa4 26. b3 Qd7 27. Rf3 Qe7 28. Re1 Qf6 29. c4 Rd4 30. h4 Qf5 31. Qb2 Kg8 32. Re5 Qf6 33. Qe2 R8d6 34. Kg2 Qd8 35. f5 gxf5 36. Rfxf5 Rxd3 37. Rg5+ Kf8 38. Qxh5 Rd2+ 39. Kh3 Qf6 40. Re1 Qf2 41. Qh6+ Ke7 42. Rge5 Qg2+ 43. Kg4 R6d4+ 0-1

[Event "TCh-CZE Extraliga 2003-4"]
[Site "Czech Rep"]
[Date "2004.01.10"]
[Round "5"]
[White "Kulhanek, Tomas"]
[Black "Votava, Jan"]
[Result "1/2-1/2"]
[WhiteElo "2362"]
[BlackElo "2505"]
[PlyCount "100"]
[EventDate "2004.01.08"]
[Source "Roberto Alvarez"]
[SourceDate "2004.04.05"]

1. e4 c5 2. Nc3 e6 3. g3 d5 4. d3 dxe4 5. Nxe4 Bd7 6. f4 Bc6 7. Nf3 Nd7 8. Bg2 Ngf6 9. Qe2 Be7 10. O-O O-O 11. Kh1 Rc8 12. c4 b5 13. Ned2 Qb6 14. b3 a5 15. Bb2 a4 16. bxa4 bxa4 17. Rab1 Qd8 18. Bc3 Rb8 19. Ne5 Bxg2+ 20. Qxg2 Rxb1 21. Nxb1 Nxe5 22. fxe5 Ng4 23. Qe2 Nh6 24. Nd2 Qd7 25. Ne4 Rd8 26. Rd1 Nf5 27. g4 Nh4 28. h3 Qb7 29. Kh2 Qc7 30. Kh1 Ng6 31. Qf3 Rd7 32. Rf1 Bf8 33. Qg3 Qb8 34. g5 Rb7 35. Kh2 Rb1 36. Rf2 Ne7 37. Nd6 g6 38. Qf3 Nf5 39. Nxf5 gxf5 40. Rf1 Rb6 41. h4 Qb7 42. Qxb7 Rxb7 43. Kg3 Kg7 44. h5 h6 45. gxh6+ Kxh6 46. Kf3 Be7 47. Bd2+ Kh7 48. Be3 Rb2 49. Rf2 Rb1 50. Rc2 Rf1+ 1/2-1/2

[Event "Oceana zt"]
[Site "Warwick Fiji"]
[Date "2002.05.11"]
[Round "9"]
[White "Depasquale, Chris"]
[Black "Johansen, Darryl K"]
[Result "0-1"]
[WhiteElo "2335"]
[BlackElo "2531"]
[PlyCount "78"]
[EventDate "2002.05.06"]
[Source "ChessBase"]
[SourceDate "2002.07.08"]

1. e4 c5 2. Nc3 e6 3. g3 d5 4. d3 Nf6 5. Bg2 Nc6 6. Bg5 d4 7. Nce2 Be7 8. Nh3 e5 9. O-O O-O 10. Bxf6 Bxf6 11. f4 Bd7 12. f5 Kh8 13. g4 Be7 14. Qd2 f6 15. Rf3 b5 16. Nf2 Qa5 17. Qd1 Be8 18. Rh3 c4 19. Ng3 Bf7 20. Nh5 Bg8 21. Kh1 Rac8 22. a3 Qc7 23. Qf3 Nd8 24. Rg3 cxd3 25. cxd3 Qc2 26. Rg1 Qd2 27. h4 Rc2 28. Nh3 Qe2 29. g5 Qxf3 30. Bxf3 Bf7 31. R3g2 Rc7 32. gxf6 gxf6 33. Ng3 Rg8 34. Nf2 Bf8 35. Bh5 Bb3 36. Bd1 Bf7 37. Bh5 Bb3 38. Ng4 Bg7 39. Be8 Rxe8 0-1

[Event "Sibenik"]
[Site "?"]
[Date "1987.??.??"]
[Round "?"]
[White "Abramovic, B."]
[Black "Avshalumov, A."]
[Result "1-0"]
[WhiteElo "2455"]
[BlackElo "2410"]
[PlyCount "75"]
[EventDate "1987.??.??"]
[Source "ChessBase"]
[SourceDate "1987.07.01"]

1. e4 c5 2. Nc3 e6 3. g3 d5 4. d3 Nf6 5. Bg2 Be7 6. e5 Nfd7 7. f4 Nc6 8. Nf3 a6 9. O-O b5 10. Ne2 Qb6 11. Kh1 g6 12. c3 Bb7 13. Be3 h5 14. h3 Kf8 15. d4 Kg7 16. Qd2 b4 17. Rac1 a5 18. Rf2 Ba6 19. dxc5 Nxc5 20. Nfd4 bxc3 21. Rxc3 Nxd4 22. Nxd4 Rac8 23. Qc2 a4 24. Qd1 Qa5 25. Rfc2 Ne4 26. Bxe4 dxe4 27. Nc6 Rxc6 28. Rxc6 Bd3 29. R2c3 Bb4 30. Rc1 a3 31. b3 Qd5 32. Kh2 h4 33. g4 g5 34. Qg1 gxf4 35. Bxf4 Bb5 36. Rc7 Bd2 37. Qf2 Bxc1 38. Bh6+ 1-0

[Event "Buenos Aires Boca op"]
[Site "Buenos Aires"]
[Date "2001.09.20"]
[Round "4"]
[White "Rodriguez, Andres"]
[Black "Lafuente, Pablo"]
[Result "1-0"]
[WhiteElo "2504"]
[BlackElo "2360"]
[PlyCount "101"]
[EventDate "2001.09.17"]
[Source "ChessBase"]
[SourceDate "2001.10.26"]

1. e4 c5 2. Nc3 e6 3. g3 d5 4. Bg2 dxe4 5. Nxe4 Bd7 6. Nf3 Nf6 7. Nxf6+ Qxf6 8. d4 Bc6 9. Bg5 Qf5 10. Be3 cxd4 11. Bxd4 Qe4+ 12. Kf1 Qd5 13. b3 Nd7 14. Qe2 Nf6 15. c4 Qh5 16. h3 Rd8 17. Bxa7 Ne4 18. Qe3 Bb4 19. g4 Qh6 20. Qxh6 gxh6 21. Be3 Bc3 22. Rc1 Bb2 23. Rc2 Rd1+ 24. Ke2 Nc3+ 25. Rxc3 Rxh1 26. Bd4 Ra1 27. Bxh8 Bxc3 28. Bxc3 Rxa2+ 29. Kf1 Rc2 30. Bg7 Rc1+ 31. Ke2 Rc2+ 32. Ke3 Ra2 33. Bf1 Bxf3 34. Kxf3 Ra3 35. Bxh6 Rxb3+ 36. Be3 Ke7 37. Kf4 f6 38. h4 Kf7 39. h5 Rb1 40. Bd3 Rb3 41. Bxh7 Rb4 42. Bd3 b5 43. g5 bxc4 44. Bg6+ Kg7 45. gxf6+ Kxf6 46. Bd4+ e5+ 47. Bxe5+ Ke6 48. Bf5+ Kf7 49. Kg5 Rb5 50. f4 Rb3 51. h6 1-0

[Event "6th Magistral de la Republica Argentina"]
[Site "?"]
[Date "2003.07.26"]
[Round "3.2"]
[White "Roselli Mailhe Bernardo"]
[Black "Cubas Jose"]
[Result "0-1"]
[WhiteElo "2440"]
[BlackElo "2419"]
[PlyCount "57"]
[EventDate "2003.??.??"]
[Source "www.chesslib.no"]
[SourceDate "2004.05.04"]

1. e4 c5 2. Nc3 e6 3. g3 d5 4. Bg2 d4 5. Nce2 d3 6. cxd3 Qxd3 7. Nf3 Nc6 8. O-O Nf6 9. Nf4 Qxe4 10. Re1 Qb4 11. a3 Qb6 12. b4 cxb4 13. d4 Be7 14. d5 exd5 15. Be3 Qd8 16. axb4 O-O 17. b5 Na5 18. Bd4 b6 19. Qe2 Ne4 20. Rad1 Bb7 21. Nh5 g6 22. Qe3 Re8 23. Ng7 Rf8 24. Nf5 gxf5 25. Qh6 f6 26. Rxe4 dxe4 27. Ng5 Rf7 28. Nxf7 Kxf7 29. Qxh7+ 0-1

[Event "ESP-chT Final"]
[Site "Sanxenxo"]
[Date "2003.11.19"]
[Round "3"]
[White "Garcia Castro, Pablo"]
[Black "Cifuentes Parada, Roberto"]
[Result "1/2-1/2"]
[WhiteElo "2356"]
[BlackElo "2501"]
[PlyCount "41"]
[EventDate "2003.11.17"]
[Source "Roberto Alvarez"]
[SourceDate "2003.12.08"]

1. e4 c5 2. Nc3 e6 3. g3 d5 4. d3 Nf6 5. Bg2 Nc6 6. exd5 exd5 7. Nge2 Be7 8. O-O O-O 9. h3 d4 10. Nb1 Qd7 11. Nf4 b6 12. Qf3 Bb7 13. Nd5 Rfe8 14. Bd2 Nxd5 15. Qxd5 Bd6 16. Na3 Re5 17. Qf3 Rf5 18. Qd1 Re8 19. f4 Rf6 20. Qg4 Qd8 21. Rae1 1/2-1/2

[Event "Brcko BIH. Men Ch 2005"]
[Site "?"]
[Date "2005.12.19"]
[Round "6"]
[White "Arapovic Vitomir"]
[Black "Bogut Zeljko"]
[Result "1/2-1/2"]
[WhiteElo "2437"]
[BlackElo "2419"]
[PlyCount "158"]
[EventDate "2005.??.??"]
[Source "www.chesslib.no"]
[SourceDate "2004.05.04"]

1. e4 c5 2. Nc3 e6 3. g3 d5 4. Bg2 dxe4 5. Nxe4 Nf6 6. Nxf6+ Qxf6 7. Nf3 Nc6 8. O-O Bd6 9. d3 O-O 10. Nd2 Bd7 11. Ne4 Qe7 12. Nxd6 Qxd6 13. Re1 e5 14. a3 Rfe8 15. Be3 Rac8 16. Rb1 b6 17. Qd2 Nd4 18. f4 Bc6 19. fxe5 Qxe5 20. c3 Nf3+ 21. Bxf3 Bxf3 22. Bf4 Qh5 23. Rxe8+ Rxe8 24. Re1 Rxe1+ 25. Qxe1 h6 26. h4 Bc6 27. Qf1 Qd5 28. Qe2 g5 29. hxg5 hxg5 30. Bb8 Qh1+ 31. Kf2 Kh7 32. Ke3 g4 33. d4 f5 34. dxc5 bxc5 35. Qd3 Kg6 36. Bf4 Qe1+ 37. Qe2 Qb1 38. Qh2 Qc1+ 39. Qd2 Qg1+ 40. Qf2 Qh1 41. Kd2 Qd5+ 42. Kc1 Ba4 43. Qe1 Qa2 44. Kd2 Qxb2+ 45. Ke3 Qg2 46. Qe2 Qd5 47. Qd3 Qf3+ 48. Kd2 Qd1+ 49. Ke3 Qg1+ 50. Kd2 Qd1+ 51. Ke3 Qe1+ 52. Qe2 Qxc3+ 53. Kf2 Kf7 54. Qe5 Qc2+ 55. Ke1 Qd1+ 56. Kf2 Qf3+ 57. Kg1 Qd1+ 58. Kf2 Qc2+ 59. Kg1 Bd7 60. Bg5 Qd1+ 61. Kh2 Qc2+ 62. Kg1 Qb1+ 63. Kh2 Qa2+ 64. Kg1 Qe6 65. Qxc5 Qe1+ 66. Kg2 Qe4+ 67. Kf1 Qf3+ 68. Qf2 Qd1+ 69. Qe1 Bb5+ 70. Kf2 Qf3+ 71. Kg1 Qxa3 72. Qe5 Qb3 73. Qf6+ Kg8 74. Qg6+ Kf8 75. Qxf5+ Ke8 76. Qc8+ Kf7 77. Qf5+ Ke8 78. Qc8+ Kf7 79. Qf5+ Ke8 1/2-1/2

[Event "Katowice Open"]
[Site "Katowice POL"]
[Date "1991.??.??"]
[Round "2"]
[White "Masternak, Grzegorz"]
[Black "Fominyh, Alexander"]
[Result "0-1"]
[WhiteElo "2320"]
[BlackElo "2535"]
[PlyCount "64"]
[EventDate "1991.??.??"]
[Source "www.chesslib.no"]
[SourceDate "2004.05.04"]

1. e4 c5 2. Nc3 e6 3. g3 d5 4. exd5 exd5 5. d3 Nf6 6. Bg5 Be7 7. Bg2 d4 8. Bxf6 Bxf6 9. Ne4 Be7 10. Ne2 Na6 11. O-O O-O 12. Nf4 Nc7 13. Re1 a5 14. a4 Ra6 15. Nd2 Rh6 16. Nc4 Bg5 17. Ne2 Nd5 18. f4 Be7 19. Nc1 Re6 20. Nb3 b6 21. Qf3 Nb4 22. Qf2 Re8 23. Rxe6 Bxe6 24. Qd2 Bf6 25. Nc1 Nd5 26. Ne2 Ne3 27. Nxe3 dxe3 28. Qc1 Bd4 29. Kf1 h5 30. Be4 g6 31. Qxe3 Bxb2 32. Rb1 Bg7 0-1

[Event "Romania"]
[Site "?"]
[Date "2002.??.??"]
[Round "1"]
[White "Doroftei Nicolae"]
[Black "Nisipeanu Liviu Dieter"]
[Result "0-1"]
[WhiteElo "2263"]
[BlackElo "2592"]
[PlyCount "44"]
[EventDate "2002.??.??"]
[Source "www.chesslib.no"]
[SourceDate "2004.05.04"]

1. e4 c5 2. Nc3 e6 3. g3 d5 4. d3 Nf6 5. Bg2 dxe4 6. Nxe4 Nxe4 7. dxe4 Qxd1+ 8. Kxd1 Nc6 9. c3 b6 10. Be3 Ne5 11. Nf3 Ng4 12. Re1 Bb7 13. h3 O-O-O+ 14. Kc1 Nxe3 15. Rxe3 g6 16. Kc2 Bh6 17. Ree1 f5 18. exf5 exf5 19. Rad1 Be4+ 20. Kb3 Rhe8 21. h4 b5 22. c4 Bxf3 0-1

[Event "New York Open"]
[Site "New York, NY USA"]
[Date "1984.??.??"]
[Round "2"]
[White "Taylor, Timothy"]
[Black "Haik, Aldo"]
[Result "0-1"]
[WhiteElo "2450"]
[BlackElo "2405"]
[PlyCount "78"]
[EventDate "1984.04.??"]
[Source "www.chesslib.no"]
[SourceDate "2004.05.04"]

1. e4 c5 2. Nc3 e6 3. g3 d5 4. exd5 exd5 5. Bg2 Nf6 6. d3 Be7 7. Nge2 O-O 8. O-O d4 9. Ne4 Nxe4 10. dxe4 Nc6 11. Nf4 Bd6 12. c3 Bxf4 13. Bxf4 Be6 14. Qh5 Qe7 15. e5 Qd7 16. Rfe1 Ne7 17. cxd4 cxd4 18. Be4 Ng6 19. Qf3 Rac8 20. Bxb7 Rc2 21. Rac1 Rxb2 22. Bc6 Qe7 23. a4 Rd8 24. Rcd1 Rb3 25. Qe4 Nxf4 26. Qxf4 d3 27. Be4 h6 28. Re3 Qa3 29. Qh4 Rd7 30. Bc6 Rb4 31. f4 Rdd4 32. Qe7 Qc3 33. Bb5 Qc2 34. Rexd3 Rb2 35. R1d2 Qc1+ 36. Rd1 Qxd1+ 37. Rxd1 Rxd1+ 38. Bf1 Bh3 39. Qd8+ Rxd8 0-1

[Event "Munich Open 9293"]
[Site "Munich GER"]
[Date "1993.??.??"]
[Round "9"]
[White "Robovic, Saudin"]
[Black "Volke, Karsten"]
[Result "0-1"]
[WhiteElo "2395"]
[BlackElo "2460"]
[PlyCount "56"]
[EventDate "1993.??.??"]
[Source "www.chesslib.no"]
[SourceDate "2004.05.04"]

1. e4 c5 2. Nc3 e6 3. g3 d5 4. exd5 exd5 5. Bg2 Nf6 6. Nge2 d4 7. Ne4 Nxe4 8. Bxe4 Nd7 9. O-O Nf6 10. Bg2 Bd6 11. d3 O-O 12. h3 Be6 13. Nf4 Bxf4 14. Bxf4 Qd7 15. Be5 Nd5 16. g4 f5 17. g5 f4 18. h4 Ne7 19. Re1 Ng6 20. Qf3 Rf7 21. h5 Nh4 22. Qe4 Nxg2 23. Qxg2 Bh3 24. Qf3 Bg4 25. Qe4 Re8 26. g6 hxg6 27. Qxg6 Rfe7 28. h6 Rxe5 0-1

[Event "Maccabiah"]
[Site "Netanya ISR"]
[Date "1993.??.??"]
[Round "7"]
[White "Maryasin, Boris"]
[Black "Zilberman, Yaacov"]
[Result "0-1"]
[WhiteElo "2380"]
[BlackElo "2475"]
[PlyCount "96"]
[EventDate "1993.??.??"]
[Source "www.chesslib.no"]
[SourceDate "2004.05.04"]

1. e4 c5 2. Nc3 e6 3. g3 d5 4. exd5 exd5 5. Bg2 Nf6 6. d3 d4 7. Ne4 Nxe4 8. dxe4 Nc6 9. Ne2 Bd6 10. O-O O-O 11. f4 Re8 12. Kh1 Rb8 13. Ng1 Bf8 14. Bd2 b6 15. Qe2 Bb7 16. Rae1 Qd7 17. g4 Rbd8 18. g5 d3 19. cxd3 Ba6 20. Qh5 Bxd3 21. Rf3 Bxe4 22. Rxe4 Rxe4 23. Rh3 Qf5 24. Bc3 Nd4 25. Bxe4 Qxe4+ 26. Nf3 Ne6 27. Be5 Bd6 28. g6 Bxe5 29. Qxh7+ Kf8 30. fxe5 Rd1+ 31. Kg2 Nf4+ 32. Kg3 Nxh3 33. Qxh3 Qxg6+ 34. Kf2 Rd8 35. Qh8+ Ke7 36. Qh4+ Ke8 37. Qc4 Qd3 38. Qh4 Qc2+ 39. Kg3 Qg6+ 40. Kf2 Qh6 41. Qa4+ Rd7 42. Qe4 Ke7 43. b3 Qh5 44. Qf4 Rd3 45. Nh4 Ke6 46. Qe4 Rd2+ 47. Kg3 Qg5+ 48. Kh3 Rd5 0-1

[Event "Latin Cup"]
[Site "Bogota COL"]
[Date "1991.??.??"]
[Round "7"]
[White "Castro, Oscar H"]
[Black "Sunye Neto, Jaime"]
[Result "1/2-1/2"]
[WhiteElo "2380"]
[BlackElo "2475"]
[PlyCount "45"]
[EventDate "1991.??.??"]
[Source "www.chesslib.no"]
[SourceDate "2004.05.04"]

1. e4 c5 2. Nc3 e6 3. g3 d5 4. exd5 exd5 5. Bg2 Nf6 6. d3 Be7 7. Nge2 d4 8. Ne4 Nxe4 9. dxe4 Nc6 10. O-O O-O 11. Nf4 Bd6 12. h3 Bd7 13. Bd2 a5 14. c3 Ne5 15. Re1 Bc6 16. cxd4 cxd4 17. Nd5 Re8 18. Bf4 Bc5 19. Rc1 b6 20. a3 a4 21. Nb4 Bxb4 22. axb4 Qd7 23. Bxe5 1/2-1/2

[Event "Tbilisi"]
[Site "Tbilisi"]
[Date "1983.??.??"]
[Round "?"]
[White "Sturua, Zurab"]
[Black "Velickovic, Sasa"]
[Result "1-0"]
[WhiteElo "2450"]
[BlackElo "2400"]
[PlyCount "92"]
[EventDate "1983.08.??"]
[Source "ChessBase"]

1. e4 c5 2. Nc3 e6 3. g3 d5 4. Bg2 d4 5. Nce2 Nc6 6. d3 b6 7. f4 Bb7 8. Nf3 Nf6 9. h3 h5 10. O-O Be7 11. a3 Qc7 12. Bd2 a5 13. c3 dxc3 14. Bxc3 Rd8 15. Qc2 O-O 16. Rad1 Ba6 17. Kh1 Rd7 18. Ne5 Nxe5 19. fxe5 Nh7 20. Nf4 h4 21. Qf2 b5 22. gxh4 b4 23. axb4 axb4 24. Be1 Qxe5 25. b3 Rfd8 26. Qe2 Bf6 27. Qc2 Qd6 28. Bg3 Be5 29. Rf3 Nf6 30. Re1 Qc7 31. Bf1 Nh7 32. Qg2 Bxf4 33. Bxf4 e5 34. Bc1 Bxd3 35. Rg3 f6 36. h5 Bxf1 37. Rxf1 Rd1 38. Bh6 Rxf1+ 39. Qxf1 Rd7 40. Qc4+ Kh8 41. Be3 Ng5 42. h4 Nf7 43. h6 gxh6 44. Qe6 Qd8 45. Qg4 Nd6 46. Bxh6 Qe8 1-0